| 000 | 00378nam a2200145Ia 4500 | ||
|---|---|---|---|
| 008 | 221007s9999 xx 000 0 und d | ||
| 041 | _aeng | ||
| 082 | _bBHO | ||
| 100 |
_aBhosale S( 2K51005) _9101980 |
||
| 245 | _aComparative Study of Assessment and Development Centres | ||
| 260 |
_c2007 _bPune University _aPune |
||
| 300 | _a63p | ||
| 520 | _aGaikwad A | ||
| 906 | _bGeneral | ||
| 999 |
_c69135 _d69135 |
||